| 000 | 00738nam a2200241 i 4500 | ||
|---|---|---|---|
| 001 | bg | ||
| 245 | 0 | 0 |
_aBiodiversity ; a challenge for development research and policy / _cW. Barthlott, M. Winiger. |
| 260 |
_aBerlin [et al.] : _bSpringer, _c1998. |
||
| 300 |
_a[18], 248 [1] s. : _bfot., rys., wykr. ; _c24 cm. |
||
| 504 | _aBibliogr. przy rozdz. | ||
| 521 | _aStreszcz. hiszp. | ||
| 650 | 9 |
_aEkologia _xzagadnienia _zAmeryka Południowa |
|
| 650 | 9 | _aBioróżnorodność | |
| 700 | 1 |
_aBARTHLOTT, Wilhelm. _eRed. |
|
| 700 | 1 |
_aWINIGER, Matthias. _eRed. |
|
| 020 | _a3540639497 | ||
| 040 | _cBPK | ||
| 041 | 0 |
_aen _ges |
|
| 080 | _a574(8) | ||
| 920 | _a3-540-63949-7 | ||
| 942 | _cKS | ||
| 008 | s pl f |000 0 pol | ||
| 999 |
_c33690 _d33690 |
||
| 856 |
_uhttp://koha.tu.koszalin.pl/cgi-bin/koha/opac-detail.pl?biblionumber=33690 _yKatalog online BPK |
||